[Event "Stay Safe Play From Home 297"]
[Site "Emanuel Lasker Arena"]
[Date "2020.07.12"]
[Round "2"]
[White "Tvtower68"]
[Black "Tobo Rubirosa"]
[Result "1-0"]
[WhiteElo "1815"]
[BlackElo "1541"]
[Annotator "NA RC"]
[PlyCount "57"]
[EventDate "2020.07.12"]
[EventType "swiss (blitz)"]

1. e4 {[%emt 0:00:01]} c5 {[%emt 0:00:05]} 2. Nf3 {[%emt 0:00:01]} d6 {[%emt 0:00:01]} 3. a3 {[%emt 0:00:01]} Nf6 {[%emt 0:00:02]} 4. d3 {[%emt 0:00:02]} e6 {[%emt 0:00:03]} 5. b4 {[%emt 0:00:01]} cxb4 {[%emt 0:00:02]} 6. axb4 {[%emt 0:00:01]} Be7 {[%emt 0:00:03]} 7. Bb2 {[%emt 0:00:01]} O-O {[%emt 0:00:01]} 8. b5 {[%emt 0:00:04]} Qc7 {[%emt 0:00:05]} 9. c4 {[%emt 0:00:02]} d5 {[%emt 0:00:03]} 10. e5 {[%emt 0:00:05]} Ng4 {[%emt 0:00:04]} 11. h3 {[%emt 0:00:03]} Nh6 {[%emt 0:00:04]} 12. Be2 {[%emt 0:00:05]} dxc4 {[%emt 0:00:08]} 13. dxc4 {[%emt 0:00:02]} Nd7 {[%emt 0:00:10]} 14. O-O {[%emt 0:00:04]} Nc5 {[%emt 0:00:08]} 15. Re1 {[%emt 0:00:15]} Rd8 {[%emt 0:00:08]} 16. Qc2 {[%emt 0:00:02]} b6 {[%emt 0:00:03]} 17. Bf1 {[%emt 0:00:05]} Bb7 {[%emt 0:00:03]} 18. Nbd2 {[%emt 0:00:04]} Nf5 {[%emt 0:00:04]} 19. Rad1 {[%emt 0:00:14]} Bxf3 {[%emt 0:00:08]} 20. Nxf3 {[%emt 0:00:02]} Rxd1 {[%emt 0:00:03]} 21. Rxd1 {[%emt 0:00:13]} Rd8 {[%emt 0:00:01]} 22. Rxd8+ {[%emt 0:00:02]} Qxd8 {[%emt 0:00:02]} 23. Ba3 {[%emt 0:00:09]} Nb7 {[%emt 0:00:19]} 24. Bb2 {[%emt 0:00:10]} Nc5 {[%emt 0:00:07]} 25. g4 {[%emt 0:00:01]} Nh6 {[%emt 0:00:03]} 26. Bc1 {[%emt 0:00:03]} Bf8 {[%emt 0:00:38]} 27. Kg2 {[%emt 0:00:24]} g6 {[%emt 0:00:04]} 28. Bg5 {[%emt 0:00:09]} Qd7 {[%emt 0:00:06]} 29. Qc1 {[%emt 0:00:03] Tobo Rubirosa rinde (Lag: Av=0.67s, max=0.9s)} 1-0

[Event "Stay Safe Play From Home 297"]
[Site "Emanuel Lasker Arena"]
[Date "2020.07.14"]
[Round "2"]
[White "Buzaglo"]
[Black "Klasman"]
[Result "1-0"]
[WhiteElo "1797"]
[BlackElo "1336"]
[Annotator "NA RC"]
[PlyCount "55"]
[EventDate "2020.07.14"]
[EventType "swiss (blitz)"]

1. d4 {[%emt 0:00:01]} f5 {[%emt 0:00:01]} 2. Nf3 {[%emt 0:00:00]} Nf6 {[%emt 0:00:01]} 3. g3 {[%emt 0:00:00]} e6 {[%emt 0:00:01]} 4. Bg2 {[%emt 0:00:00]} d5 {[%emt 0:00:01]} 5. O-O {[%emt 0:00:00]} c6 {[%emt 0:00:01]} 6. Nbd2 {[%emt 0:00:00]} Nbd7 {[%emt 0:00:01]} 7. c4 {[%emt 0:00:00]} Ne4 {[%emt 0:00:01]} 8. Nxe4 {[%emt 0:00:02]} fxe4 {[%emt 0:00:01]} 9. Nd2 {[%emt 0:00:00]} Nf6 {[%emt 0:00:01]} 10. f3 {[%emt 0:00:01]} exf3 {[%emt 0:00:08]} 11. exf3 {[%emt 0:00:02]} Qb6 {[%emt 0:00:02]} 12. c5 {[%emt 0:00:01]} Bxc5 {[%emt 0:00:03]} 13. dxc5 {[%emt 0:00:01]} Qxc5+ {[%emt 0:00:01]} 14. Kh1 {[%emt 0:00:00]} O-O {[%emt 0:00:01]} 15. Nb3 {[%emt 0:00:00]} Qd6 {[%emt 0:00:02]} 16. Bf4 {[%emt 0:00:01]} Qe7 {[%emt 0:00:04]} 17. Re1 {[%emt 0:00:02]} Bd7 {[%emt 0:00:01]} 18. Nd4 {[%emt 0:00:02]} c5 {[%emt 0:00:02]} 19. Nf5 {[%emt 0:00:01]} Qf7 {[%emt 0:00:06]} 20. Nd6 {[%emt 0:00:01]} Qg6 {[%emt 0:00:02]} 21. g4 {[%emt 0:00:13]} b5 {[%emt 0:00:03]} 22. Bg3 {[%emt 0:00:00]} c4 {[%emt 0:00:03]} 23. a4 {[%emt 0:00:02]} a6 {[%emt 0:00:02]} 24. axb5 {[%emt 0:00:01]} axb5 {[%emt 0:00:01]} 25. Rxa8 {[%emt 0:00:01]} Rxa8 {[%emt 0:00:01]} 26. Nb7 {[%emt 0:00:01]} Ra7 {[%emt 0:00:02]} 27. Nc5 {[%emt 0:00:01]} Bc8 {[%emt 0:00:03]} 28. Nxe6 {[%emt 0:00:01] Time (Lag: Av=0.59s, max=0.9s)} 1-0

[Event "Stay Safe Play From Home 297"]
[Site "Emanuel Lasker Arena"]
[Date "2020.07.12"]
[Round "2"]
[White "JULIAN16"]
[Black "Haris kollari 13"]
[Result "0-1"]
[WhiteElo "1720"]
[BlackElo "1874"]
[Annotator "NA RC"]
[PlyCount "130"]
[EventDate "2020.07.12"]
[EventType "swiss (blitz)"]

1. d4 {[%emt 0:00:02]} d5 {[%emt 0:00:01]} 2. c4 {[%emt 0:00:01]} e5 {[%emt 0:00:02]} 3. cxd5 {[%emt 0:00:04]} Qxd5 {[%emt 0:00:01]} 4. dxe5 {[%emt 0:00:05]} Qxe5 {[%emt 0:00:01]} 5. Nf3 {[%emt 0:00:03]} Qd6 {[%emt 0:00:04]} 6. Qxd6 {[%emt 0:00:02]} Bxd6 {[%emt 0:00:02]} 7. Nc3 {[%emt 0:00:01]} Bd7 {[%emt 0:00:03]} 8. e4 {[%emt 0:00:01]} Ne7 {[%emt 0:00:08]} 9. a3 {[%emt 0:00:18]} Nbc6 {[%emt 0:00:04]} 10. Bb5 {[%emt 0:00:05]} O-O-O {[%emt 0:00:01]} 11. O-O {[%emt 0:00:03]} Ng6 {[%emt 0:00:06]} 12. Bg5 {[%emt 0:00:06]} f6 {[%emt 0:00:01]} 13. Be3 {[%emt 0:00:03]} Nce5 {[%emt 0:00:04]} 14. Bxd7+ {[%emt 0:00:02]} Rxd7 {[%emt 0:00:01]} 15. Nxe5 {[%emt 0:00:01]} Bxe5 {[%emt 0:00:03]} 16. Rad1 {[%emt 0:00:02]} Bxc3 {[%emt 0:00:03]} 17. bxc3 {[%emt 0:00:03]} Rxd1 {[%emt 0:00:03]} 18. Rxd1 {[%emt 0:00:01]} Rd8 {[%emt 0:00:01]} 19. Rxd8+ {[%emt 0:00:04]} Kxd8 {[%emt 0:00:01]} 20. Bxa7 {[%emt 0:00:09]} b6 {[%emt 0:00:01]} 21. a4 {[%emt 0:00:01]} Kc8 {[%emt 0:00:01]} 22. a5 {[%emt 0:00:01]} Kb7 {[%emt 0:00:00]} 23. axb6 {[%emt 0:00:01]} cxb6 {[%emt 0:00:01]} 24. Bxb6 {[%emt 0:00:04]} Kxb6 {[%emt 0:00:01]} 25. Kf1 {[%emt 0:00:01]} Kc5 {[%emt 0:00:01]} 26. Ke2 {[%emt 0:00:01]} Kc4 {[%emt 0:00:01]} 27. Kd2 {[%emt 0:00:01]} Nf4 {[%emt 0:00:01]} 28. g3 {[%emt 0:00:02]} Ne6 {[%emt 0:00:01]} 29. f4 {[%emt 0:00:03]} Nc5 {[%emt 0:00:01]} 30. e5 {[%emt 0:00:08]} fxe5 {[%emt 0:00:02]} 31. fxe5 {[%emt 0:00:01]} Ne4+ {[%emt 0:00:00]} 32. Ke3 {[%emt 0:00:02]} Nxc3 {[%emt 0:00:02]} 33. Kf4 {[%emt 0:00:01]} Kd5 {[%emt 0:00:01]} 34. Kf5 {[%emt 0:00:01]} Nb5 {[%emt 0:00:06]} 35. g4 {[%emt 0:00:05]} Nd4+ {[%emt 0:00:01]} 36. Kf4 {[%emt 0:00:01]} Ke6 {[%emt 0:00:01]} 37. h4 {[%emt 0:00:07]} Nc6 {[%emt 0:00:01]} 38. h5 {[%emt 0:00:03]} Nxe5 {[%emt 0:00:01]} 39. Kg5 {[%emt 0:00:02]} Nf7+ {[%emt 0:00:06]} 40. Kf4 {[%emt 0:00:03]} h6 {[%emt 0:00:01]} 41. Ke4 {[%emt 0:00:02]} Ng5+ {[%emt 0:00:02]} 42. Kf4 {[%emt 0:00:01]} Kf6 {[%emt 0:00:01]} 43. Kg3 {[%emt 0:00:04]} Ke5 {[%emt 0:00:01]} 44. Kh4 {[%emt 0:00:01]} Ne6 {[%emt 0:00:04]} 45. Kg3 {[%emt 0:00:01]} Ke4 {[%emt 0:00:01]} 46. Kh4 {[%emt 0:00:02]} Kf4 {[%emt 0:00:01]} 47. Kh3 {[%emt 0:00:01]} Nd4 {[%emt 0:00:09]} 48. Kh4 {[%emt 0:00:02]} Nf3+ {[%emt 0:00:01]} 49. Kh3 {[%emt 0:00:01]} Ne5 {[%emt 0:00:01]} 50. Kh4 {[%emt 0:00:01]} Nxg4 {[%emt 0:00:01]} 51. Kh3 {[%emt 0:00:02]} Kg5 {[%emt 0:00:01]} 52. Kg3 {[%emt 0:00:01]} Kxh5 {[%emt 0:00:01]} 53. Kh3 {[%emt 0:00:00]} Ne5 {[%emt 0:00:02]} 54. Kg3 {[%emt 0:00:01]} g5 {[%emt 0:00:01]} 55. Kh3 {[%emt 0:00:00]} g4+ {[%emt 0:00:01]} 56. Kg3 {[%emt 0:00:01]} Kg5 {[%emt 0:00:01]} 57. Kh2 {[%emt 0:00:01]} h5 {[%emt 0:00:01]} 58. Kg2 {[%emt 0:00:01]} h4 {[%emt 0:00:01]} 59. Kh2 {[%emt 0:00:00]} Kf4 {[%emt 0:00:00]} 60. Kg2 {[%emt 0:00:00]} h3+ {[%emt 0:00:01]} 61. Kh2 {[%emt 0:00:01]} Kf3 {[%emt 0:00:01]} 62. Kg1 {[%emt 0:00:01]} g3 {[%emt 0:00:01]} 63. Kf1 {[%emt 0:00:01]} h2 {[%emt 0:00:02]} 64. Ke1 {[%emt 0:00:05]} g2 {[%emt 0:00:01]} 65. Kd2 {[%emt 0:00:00]} g1=Q {[%emt 0:00:02] JULIAN16 rinde (Lag: Av=0.59s, max=0.9s)} 0-1

[Event "Stay Safe Play From Home 297"]
[Site "Emanuel Lasker Arena"]
[Date "2020.07.12"]
[Round "2"]
[White "sadbat1122"]
[Black "Timbre"]
[Result "1-0"]
[WhiteElo "1650"]
[BlackElo "1534"]
[Annotator "NA RC"]
[PlyCount "101"]
[EventDate "2020.07.12"]
[EventType "swiss (blitz)"]

1. e4 {[%emt 0:00:03]} c6 {[%emt 0:00:19]} 2. Nc3 {[%emt 0:00:05]} d5 {[%emt 0:00:03]} 3. d4 {[%emt 0:00:02]} dxe4 {[%emt 0:00:02]} 4. Nxe4 {[%emt 0:00:02]} Bf5 {[%emt 0:00:02]} 5. Ng3 {[%emt 0:00:02]} Bg6 {[%emt 0:00:02]} 6. Nf3 {[%emt 0:00:03]} Nd7 {[%emt 0:00:03]} 7. Bd3 {[%emt 0:00:06]} Ngf6 {[%emt 0:00:02]} 8. c3 {[%emt 0:00:02]} e6 {[%emt 0:00:02]} 9. O-O {[%emt 0:00:04]} Be7 {[%emt 0:00:01]} 10. Bg5 {[%emt 0:00:03]} O-O {[%emt 0:00:03]} 11. Re1 {[%emt 0:00:05]} Nd5 {[%emt 0:00:02]} 12. Bxe7 {[%emt 0:00:03]} Nxe7 {[%emt 0:00:02]} 13. Ne5 {[%emt 0:00:07]} Nf6 {[%emt 0:00:04]} 14. Nxg6 {[%emt 0:00:03]} hxg6 {[%emt 0:00:03]} 15. Qb3 {[%emt 0:00:02]} Qc7 {[%emt 0:00:03]} 16. h3 {[%emt 0:00:05]} Ned5 {[%emt 0:00:02]} 17. c4 {[%emt 0:00:11]} Nf4 {[%emt 0:00:05]} 18. Bf1 {[%emt 0:00:04]} N4h5 {[%emt 0:00:02]} 19. Ne4 {[%emt 0:00:21]} Nxe4 {[%emt 0:00:03]} 20. Rxe4 {[%emt 0:00:02]} Nf6 {[%emt 0:00:02]} 21. Ree1 {[%emt 0:00:05]} Rad8 {[%emt 0:00:04]} 22. Rad1 {[%emt 0:00:03]} b6 {[%emt 0:00:02]} 23. Qe3 {[%emt 0:00:04]} Rd7 {[%emt 0:00:12]} 24. b3 {[%emt 0:00:03]} Rfd8 {[%emt 0:00:03]} 25. Rd2 {[%emt 0:00:03]} c5 {[%emt 0:00:02]} 26. Red1 {[%emt 0:00:06]} cxd4 {[%emt 0:00:02]} 27. Rxd4 {[%emt 0:00:02]} Rxd4 {[%emt 0:00:02]} 28. Rxd4 {[%emt 0:00:02]} Rxd4 {[%emt 0:00:02]} 29. Qxd4 {[%emt 0:00:02]} Nh5 {[%emt 0:00:04]} 30. Be2 {[%emt 0:00:11]} Nf6 {[%emt 0:00:05]} 31. Bf3 {[%emt 0:00:02]} Qe7 {[%emt 0:00:04]} 32. Qd2 {[%emt 0:00:14]} Qa3 {[%emt 0:00:06]} 33. Kh2 {[%emt 0:00:05]} Qc5 {[%emt 0:00:02]} 34. Qd8+ {[%emt 0:00:10]} Kh7 {[%emt 0:00:03]} 35. Qd2 {[%emt 0:00:04]} Qc7+ {[%emt 0:00:06]} 36. g3 {[%emt 0:00:03]} Qc5 {[%emt 0:00:03]} 37. Kg2 {[%emt 0:00:02]} Kg8 {[%emt 0:00:05]} 38. Qd8+ {[%emt 0:00:05]} Kh7 {[%emt 0:00:02] Timbre offers a draw} 39. Qa8 {[%emt 0:00:11]} Qe7 {[%emt 0:00:09]} 40. g4 {[%emt 0:00:11]} e5 {[%emt 0:00:10]} 41. Be4 {[%emt 0:00:11]} Nxe4 {[%emt 0:00:07]} 42. Qxe4 {[%emt 0:00:02]} f6 {[%emt 0:00:02]} 43. Qd3 {[%emt 0:00:06]} Qb7+ {[%emt 0:00:04]} 44. Kg3 {[%emt 0:00:02]} Qc7 {[%emt 0:00:04]} 45. Kg2 {[%emt 0:00:02]} Qc6+ {[%emt 0:00:02]} 46. f3 {[%emt 0:00:02]} Qc7 {[%emt 0:00:06]} 47. h4 {[%emt 0:00:02]} Qe7 {[%emt 0:00:09]} 48. h5 {[%emt 0:00:02]} f5 {[%emt 0:00:06]} 49. hxg6+ {[%emt 0:00:02]} Kh8 {[%emt 0:00:13]} 50. Qxf5 {[%emt 0:00:03]} a5 {[%emt 0:00:10]} 51. Qc8+ {[%emt 0:00:02] Timbre resigns (Lag: Av=0.89s, max=1.3s)} 1-0

[Event "Stay Safe Play From Home 297"]
[Site "Emanuel Lasker Arena"]
[Date "2020.07.12"]
[Round "3"]
[White "Mepe_Nika"]
[Black "AChessPlayer"]
[Result "0-1"]
[WhiteElo "2436"]
[BlackElo "2335"]
[Annotator "TA"]
[PlyCount "128"]
[EventDate "2020.07.12"]
[EventType "swiss (blitz)"]

{[%evp 9,128,-6,8,8,6,-5,0,0,6,3,8,8,16,-60,0,0,0,-70,-15,-84,-87,-109,-118,-375,-261,-266,-114,-122,-104,-109,-83,-138,-127,-137,-114,-403,-401,-402,-392,-378,-344,-381,-402,-368,-348,-471,-471,-478,-471,-512,-434,-397,-400,-466,-458,-431,-445,-599,-496,-594,-388,-460,0,-57,-54,-58,-58,-143,0,-59,-70,-79,-72,-190,-190,-197,-197,-193,-19,-130,0,-182,0,-147,-92,-143,-9,-189,-69,-202,-205,-204,-203,-168,-67,-87,0,0,0,0,0,0,0,0,0,0,0,0,0,0,0,0,0,-8,-8,-8,-8,-8,0,0,0]} 1. d4 Nf6 2. c3 b6 3. Bf4 Bb7 4. e3 e6 5. a4 a6 6. Nf3 {A45: Trompowsky Attack.} Be7 7. Be2 c5 8. h3 d6 9. O-O O-O 10. Nbd2 {[#]} Nbd7 $146 ({Predecessor:} 10... cxd4 11. exd4 Nbd7 12. Re1 Re8 13. Bd3 Bf8 14. Bh2 Qc7 15. Nc4 Bc6 16. Ne3 Qb7 17. Nd2 b5 18. Qb3 Nd5 19. axb5 axb5 20. Nxd5 Bxd5 21. Qxb5 Bxg2 {1-0 (31) Burmakin,V (2574)-Zeller,F (2418) Schwaebisch Gmuend 2014}) 11. b4 (11. Bd3 $11) 11... Qc7 (11... Nd5 $15 12. Qb3 cxd4 13. cxd4 Nxf4 14. exf4 Nf6) 12. bxc5 bxc5 13. Rb1 (13. Rc1 $11) 13... Rab8 (13... Nd5 $15 14. Qb3 Rfb8) 14. Qc2 (14. Bh2 $11 {keeps the balance.}) 14... cxd4 $17 15. exd4 Nd5 $1 {[%csl LRc3,LRf4][%mdl 64] Double Attack} 16. Ng5 $2 {[%mdl 8192]} (16. Bg5 $17 {keeps fighting.}) 16... N7f6 17. Bg3 Qxc3 (17... Nxc3 $19 {and Black stays clearly on top.} 18. Bd3 Ne2+ $1 {[%mdl 512]} 19. Kh2 Qxc2 20. Bxc2 Nxd4) 18. Rfc1 Qxc2 19. Rxc2 a5 $36 {[%mdl 2048] White is under strong pressure.} 20. Rcb2 (20. Rcc1 $142) 20... Nc3 $1 {[%cal Rc3e2]} 21. Rxb7 Nxb1 22. Rxe7 $2 {[%mdl 8192]} (22. Rxb1 $17 {was the only defense.} Nd5 23. Ngf3) 22... Nxd2 $19 23. Bxd6 Rb1+ 24. Kh2 h6 25. Ra7 hxg5 26. Bxf8 Kxf8 27. Rxa5 Nd5 28. Ra8+ Ke7 29. a5 Ra1 30. a6 Kf6 31. Rb8 Nf4 32. Bb5 Ne4 33. Rb6 Nd5 34. Rc6 Nb4 35. Rc7 Nc3 $2 (35... Nd6 $19 36. Be2 Nd5) 36. Be8 (36. Rxc3 $11 Ra5 37. Be8 Nxa6 38. Rf3+ Rf5 39. Kg3) 36... Nbd5 $15 37. Rxf7+ Kg6 {Hoping for ...Nf6.} 38. a7 (38. Rb7+ $15 Kh6 39. a7) 38... Kh7 (38... Nf6 $17 39. Rf8+ Nxe8 40. Rxe8 Rxa7 41. Rxe6+ Kf5 42. Re5+ Kf6) 39. Bc6 (39. Rb7 $11) 39... Nb6 $1 40. Kg3 Ncd5 41. Kg4 (41. h4 $17 {was called for.}) 41... Kg6 $19 42. Rb7 Ra3 $1 {[%cal Rd5f6]} 43. f3 Nf6+ (43... Ra2 $19 {[%cal Ra2g2]} 44. f4 gxf4) 44. Kg3 $17 Nfd5 (44... Nc8 $17 45. Rxg7+ Kxg7) 45. Kg4 $2 (45. Be8+ $11 {and White is okay.} Kf6 46. Kg4) 45... Kh6 $2 (45... Ra2 $19 {[%cal Ra2g2]} 46. Kg3 Nf4) 46. Kg3 (46. Rb8 $11 Ra2 47. f4 Rxa7 48. Rh8+ Kg6 49. Be8+ Kf6 50. Rf8+ Ke7 51. Rf7+ {[%mdl 64] Double Attack} Kxe8 52. Rxa7) 46... Ra2 (46... Nc8 $142 47. Bd7 Nxa7 48. Bxe6 Nf4) 47. Kh2 (47. h4 $142) 47... Kg6 ({Black should try} 47... Nc8 $1 $17 48. Bd7 Nd6) 48. Kg3 $2 (48. Be8+ $1 $11 Kf5 49. Kg3 (49. Rxg7 Kf4 $11)) 48... Kf6 (48... Nf4 $1 $19 {[%csl Gf4][%cal Ra2g2]} 49. Kh2 Nc8) 49. h4 (49. Be8 $1 $15) 49... gxh4+ $19 50. Kxh4 {[#] intending Be8.} g5+ $1 51. Kg3 {[#]} Nf4 ({Black should play} 51... Nc8 $1 $19 {Strongly threatening ...Nf4.} 52. Bxd5 exd5) 52. Kh2 $15 Rxg2+ (52... Nc8 $17 53. Rc7 Nxa7) 53. Kh1 $11 {The position is equal.} Ra2 {aiming for ...Nc8.} 54. Rxb6 Rxa7 {[%mdl 4096] Endgame KRB-KRN} 55. d5 Ra1+ 56. Kh2 exd5 57. Bxd5+ Ke5 58. Be4 Ra2+ 59. Kh1 Kd4 60. Rb5 Nh3 61. Rb4+ Ke3 62. Rb1 Nf2+ 63. Kg1 Kf4 64. Rb5 Nh3+ {[%mdl 32768] Accuracy: White = 48%, Black = 60%. . Loss on time!?} 0-1

[Event "Stay Safe Play From Home 297"]
[Site "Emanuel Lasker Arena"]
[Date "2020.07.14"]
[Round "3"]
[White "Broken sword"]
[Black "Uber_WING"]
[Result "1-0"]
[WhiteElo "2435"]
[BlackElo "2461"]
[Annotator "TA"]
[PlyCount "141"]
[EventDate "2020.07.14"]
[EventType "swiss (blitz)"]

{[%evp 9,141,14,18,18,70,69,70,62,75,45,100,85,100,43,132,105,120,119,208,176,195,162,164,119,127,120,128,97,87,104,149,139,201,60,87,85,171,129,123,127,142,60,157,135,239,137,331,307,286,290,224,123,131,120,287,140,138,110,102,-206,-213,-199,-142,-200,-250,-327,-60,-345,-100,-98,-80,-72,-73,-335,-25,-170,-119,-207,-174,-307,-174,-180,-158,-241,-150,-196,-184,-251,-202,-208,-153,-647,-635,-583,0,-479,-440,-426,-235,-443,-260,-472,-358,-289,-108,-232,-232,-235,0,0,0,0,43,43,43,-8,124,124,1142,52,223,52,1054,891,2132,1508,1895,572,29984,29984,29986,0,29986,29978]} 1. e4 d5 2. exd5 Qxd5 3. Nf3 Qd6 4. Bc4 {[#]} Nf6 $146 ({Predecessor:} 4... h6 5. O-O Bg4 6. h3 Bh5 7. Nc3 Nf6 8. d3 g6 9. Be3 Bg7 {1-0 (36) Pedroso,T (1336)-Mesquita,G Vila Nova de Gaia 2014}) 5. h3 a6 6. d4 {B01: Scandinavian Defence.} Nc6 (6... e6 $11) 7. c3 Bf5 8. O-O {White is slightly better.} e6 9. Bg5 O-O-O (9... h6 $14 10. Bxf6 gxf6) 10. Nbd2 $16 Be7 11. Bh4 (11. Re1 $16) 11... h6 (11... Nd5 $14) 12. Bg3 Qd7 13. b4 Nh5 (13... Nd5 $16 {was worth a try.}) 14. Bh2 Bd6 15. Bxd6 Qxd6 16. b5 axb5 17. Bxb5 Na7 18. Be2 {Hoping for Ne5.} Nf4 19. Ne5 Qe7 20. Bf3 {Strongly threatening Qa4.} f6 (20... c6 $16) 21. Ng4 (21. Qa4 $18 {Intending Bxb7+! and mate.} Kb8 22. Rfb1 $1 {[%mdl 512]}) 21... h5 22. Ne3 $36 {[%mdl 2048] Black is under strong pressure.} Bg6 (22... Bd3 $16) 23. Qb3 c6 24. Rfe1 Qc7 25. Ndc4 (25. Be4 $16) 25... Nd3 (25... Kb8 $14) 26. Red1 Nf4 (26... Kb8 $16) 27. a4 (27. Nb6+ $1 $18 Kb8 28. Na4) 27... Nd5 $2 (27... e5 $16) 28. Nxd5 $18 exd5 29. Nb6+ Kb8 30. Be2 (30. a5 $18) 30... Rhe8 $16 31. Bf1 c5 $2 (31... Bc2 $16 32. Qxc2 Qxb6) 32. a5 (32. Nxd5 $18 Qd6 33. dxc5 Qxc5 34. Ba6) 32... c4 33. Qb4 Qd6 {next ...Qxb4 is good for Black.} 34. a6 $2 {[%mdl 8192]} (34. Qb2 $16 {and life is bright.}) 34... Qxb4 $19 35. cxb4 Nc6 (35... Rd6 $19 36. Nxd5 Rxd5 37. Bxc4 Rd7) 36. a7+ (36. b5 $17 {is a better defense.} Na7 37. Rd2) 36... Nxa7 37. Rdc1 Nb5 $2 (37... Rd6 $19 38. Na4 Nc6) 38. Rd1 $2 {[%mdl 8192]} ({White must play} 38. Ra8+ $1 $15 Kc7 39. Rxd8 Rxd8 40. Nxd5+ $1 {[%mdl 576] Remove Defender} Rxd5 41. Bxc4 Rxd4 42. Bd3+ Kd7 43. Bxg6) 38... Nc3 $2 (38... h4 $19 {is more deadly. aiming for ...Kc7.} 39. f3 Rd6 40. Nxd5 {[%mdl 64] Remove Defender} Rxd5 41. Bxc4 Rh5) 39. Rdc1 $17 Ne2+ 40. Bxe2 Rxe2 41. Re1 $2 {[%mdl 8192]} (41. Ra8+ $17 Kc7 42. Rxd8 Kxd8 43. Nxd5) 41... Rde8 $2 (41... Rxe1+ $19 42. Rxe1 c3) 42. Rxe2 (42. Ra8+ $1 $11 Kc7 43. Nxd5+ Kd6 44. Rxe8 Rxe8 45. Rxe8 Bxe8 46. Nc3) 42... Rxe2 $19 43. Nxd5 $11 {[%mdl 4096] Endgame KRB-KRN} (43. Ra8+ $17 Kc7 44. Nxd5+ Kc6 45. Rd8) 43... Rd2 44. Ne3 (44. Kf1 $142) 44... Rxd4 (44... c3 $142 45. Rc1 c2) 45. Rc1 Bd3 46. b5 (46. Rd1 $17 {was necessary.}) 46... Rd8 47. Rc3 {[#]} Rc8 $1 48. b6 (48. Nd5 $142) 48... Rc6 49. f3 Rxb6 {...Rb1+ is the strong threat.} 50. Kf2 $2 (50. Nxc4 $17 Bxc4 51. Rxc4) 50... Rb2+ $19 51. Kg3 Rb6 $2 (51... b5 $19 52. Rc1 Kb7) 52. h4 $2 {[%mdl 8192]} (52. Kf2 $1 $11 {and White has nothing to worry.}) 52... Rc6 53. Kf4 Bg6 (53... b5 $142 {Threatens to win with ...b4.} 54. Nd5 Rd6) 54. Kg3 $2 (54. Rxc4 {was the only chance.} Rxc4+ 55. Nxc4) 54... Be8 (54... b5 $142 55. Kf2 Kb7) 55. f4 $2 (55. Rxc4 Rxc4 56. Nxc4) 55... Bd7 56. Rxc4 Bc8 $2 (56... Rxc4 $19 57. Nxc4 b5) 57. Rxc6 (57. Rb4 $17) 57... bxc6 $17 {KB-KN} 58. Nc4 Kb7 $2 ({Black should play} 58... Kc7 $19 59. Kf2 Be6) 59. Nd6+ $11 Kc7 60. Ne8+ {[%mdl 64] Double Attack} Kd7 61. Nxg7 Ke7 62. Kf2 (62. Nxh5 $14 Kf7 63. Kf2) 62... Kf8 (62... Bg4 $11 {remains equal.} 63. f5 c5) 63. Nxh5 $16 Be6 $2 {[%mdl 8192]} (63... f5 $16 64. Ng3 Kg7) 64. Ng3 $2 ({White has to play} 64. Nxf6 $18 c5 65. Ne4) 64... Kf7 $2 ({Better is} 64... f5 $1 $14) 65. Ke3 $2 (65. Ne4 $18) 65... Ke7 $2 {[%mdl 8192]} (65... Bd5 $14) 66. Kd4 Bd7 67. Kc5 Kd8 68. Ne4 (68. h5 $142 {Threatening mate with h6.} Be6 69. Kd6) 68... Kc7 69. Nxf6 Bc8 70. Nd7 $2 (70. h5 {mates} Bf5 71. g4 Bd3 72. h6 Bg6 73. f5 Bh7 74. Nxh7 Kd8 75. f6) 70... Bb7 $2 {[%mdl 8192]} (70... Kxd7 $11 71. g4 Ke7) 71. f5 {Accuracy: White = 25%, Black = 26%.} 1-0

[Event "Stay Safe Play From Home 297"]
[Site "Emanuel Lasker Arena"]
[Date "2020.07.14"]
[Round "3"]
[White "Little champs"]
[Black "Bardellosport"]
[Result "1-0"]
[WhiteElo "2261"]
[BlackElo "2040"]
[Annotator "TA"]
[PlyCount "131"]
[EventDate "2020.07.14"]
[EventType "swiss (blitz)"]

{[%evp 10,130,30,22,33,0,1,-24,-14,-39,-39,-48,-30,-30,-31,-92,-12,-114,-83,-83,-83,-90,-87,-135,-105,-116,-109,-95,-81,-79,-22,-79,-72,-82,-60,-64,-33,-64,-62,-69,-27,-75,-26,-120,-22,-104,705,-52,606,598,731,706,702,702,685,677,667,658,795,795,787,739,929,924,890,883,1025,984,1193,1195,1169,1159,1112,1112,1103,960,1072,1070,29971,29972,29972,5976,29974,29974,29974,29974,29976,29976,29975,29976,29977,29977,29978,29978,29981,29980,29980,29981,29982,29983,29983,29984,29983,29984,29984,29985,29987,29988,29994,29984,29984,29985,29996,29996,29996,29997,29997,29997,29998,29999,29999,29996,29999]} 1. d4 d5 2. e3 c6 3. Nf3 e6 4. Be2 f5 5. O-O Nf6 6. c4 Bd6 {A84: Dutch Defence: 2 c4 Miscellaneous.} 7. cxd5 exd5 8. Nc3 Ne4 {Black has an edge.} 9. Nxe4 fxe4 10. Ne5 O-O 11. f4 exf3 {[#]} 12. Bxf3 $146 (12. Nxf3 $15 Qe7 13. e4) ({Predecessor:} 12. Rxf3 Bf5 13. Bd3 Bxe5 14. Bxf5 Bf6 15. Bd2 Qe7 16. Qc2 g6 17. Bd3 Nd7 18. Raf1 {0-1 (44) Oliveira Sobrinho,F-Acosta,P (1987) Curitiba 2015}) 12... Qe7 (12... Nd7 $17 13. Nxd7 Bxd7) 13. Ng4 (13. e4 $11) 13... Bxg4 14. Bxg4 Nd7 15. Bd2 Nf6 16. Bf5 Ne4 {[#] And now ...Qh4 would win.} 17. Bxe4 Qxe4 18. Qe2 Qh4 {[%csl Gd6][%cal Rh4h2]} 19. g3 Qh3 (19... Qe4 $17) 20. Qg2 (20. e4 $11) 20... Qe6 21. b3 a5 22. Rxf8+ Rxf8 23. Rf1 Re8 24. Rf3 Be7 25. Qf2 h6 26. Kg2 (26. Bxa5 $11 Qe4 27. Bc7) 26... Bf6 ({Better is} 26... Ra8 $17 27. Qf1 Qe4) 27. h4 (27. Bxa5 $11 {remains equal.} Bg5 28. Bd2) 27... g5 $2 {[%mdl 8192] Black is on the road to losing.} (27... Bd8 $17 28. Rf4 Bc7) 28. hxg5 $2 (28. Rxf6 $18 Qe7 29. Qf5 Qe4+ 30. Qxe4 Rxe4 31. Rxh6) 28... hxg5 $2 {[%mdl 8192]} (28... Bxg5 $15 29. Rf5 Qe4+ 30. Qf3 Qxf3+ 31. Rxf3 Kg7) 29. Rxf6 $18 Qe7 30. Qf5 {White wants to mate with Qg6+.} Qe4+ 31. Qxe4 Rxe4 {[%mdl 4096] Endgame KRB-KR} 32. Rg6+ Kf7 33. Rxg5 Kf6 34. Rg8 Re7 35. Ra8 b6 36. Rb8 b5 37. Rb6 Rc7 38. Bxa5 Ra7 39. b4 Rc7 {[#]} 40. Ra6 $1 Rc8 41. Bb6 Kf5 42. Bc5 Ke4 43. a4 Kd3 44. axb5 cxb5 45. Rb6 (45. Re6 $142 Rg8 46. Kf3 Rg7 47. g4 Rf7+ 48. Kg3 Rg7 49. Kf4 Rf7+ 50. Ke5) 45... Kc4 46. Rd6 {White mates.} Ra8 47. g4 Ra2+ 48. Kg3 Ra1 49. g5 Kd3 50. Kg4 Rg1+ 51. Kf5 Kxe3 52. Kg6 Ke4 53. Kh6 Kf5 54. Rf6+ Ke4 55. g6 Rh1+ 56. Kg7 Rg1 57. Kf7 Ra1 58. g7 Ra7+ 59. Be7 Ra8 60. g8=Q Ra1 61. Qg4+ Kd3 62. Rf3+ Kc4 63. Qg2 Rc1 64. Qe2+ Kxd4 65. Rf2 {[%cal Re7f6]} Rc4 66. Bf6# {Accuracy: White = 38%, Black = 44%.} 1-0